| 000 | 00000nam 2200000za 4500 |
| 001 | 9.812879 |
| 003 | CaOODSP |
| 005 | 20250403105715 |
| 007 | cr ||||||||||| |
| 008 | 160314s1993 onc |o f|0| 0 fre d |
| 020 | |z0-660-54880-1 |
| 040 | |aCaOODSP|bfre |
| 041 | |afre|aeng |
| 043 | |an-cn--- |
| 086 | 1 |aCS82-553/1993-PDF |
| 245 | 00|aSelected birth and fertility statistics, Canada, 1921-1990 |h[ressource électronique] = |bStatistiques choisies sur la natalité et la fécondité, Canada, 1921 à 1990. |
| 246 | 11|aStatistiques choisies sur la natalité et la fécondité, Canada, 1921 à 1990 |
| 260 | |aOttawa : |bStatistique Canada, |c1993. |
| 300 | |a[100] p. : |btableaux. |
| 500 | |aÉdition numérisée de l'imprimé [par Statistique Canada]. |
| 500 | |a« Mars 1993. » |
| 692 | 07|2gccst|aNaissance |
| 692 | 07|2gccst|aFécondité |
| 710 | 2 |aStatistique Canada. |
| 791 | |tSelected birth and fertility statistics, Canada, 1921-1990 |eeng|w(CaOODSP)9.812873 |
| 856 | 40|qPDF|s18.60 Mo|uhttps://publications.gc.ca/collections/collection_2016/statcan/CS82-553-1993.pdf |